000
00284nam a22001337a 4500
008
170906b xxu||||| |||| 00| 0 eng d
020
_a
044221531
041
_a
eng
080
_a
72
100
_a
41
101
_a
ARK
245
_a
ARCHITECTURAL GRAPHICS
_c
CHING,F
942
_2
udc
_c
BK
999
_c
26397
_d
26397